Visualizzazione normale
Vista MARC
- H. Pocet
di Personal Name
Records bibliografici associati: 1
001 - CONTROL NUMBER
- control field: 13838
003 - CONTROL NUMBER IDENTIFIER
- control field: IT-RoPau
005 - DATE AND TIME OF LATEST TRANSACTION
- control field: 20140217180457.0
008 - FIXED-LENGTH DATA ELEMENTS
- fixed length control field: 140217|| aca||aabn | a|a d
040 ## - CATALOGING SOURCE
- Original cataloging agency: IT-RoPau
- Transcribing agency: IT-RoPau
100 ## - HEADING--PERSONAL NAME
- Personal name: H. Pocet
670 ## - SOURCE DATA FOUND
- Source citation: Work cat.: (IT-RoPau)20735: H. Pocet, L’Or de la Légende Dorée, 1948